000 00587nam a2200229Ia 4500
003 OSt
005 20220924153553.0
006 a|||||r|||| 00| 0
007 ta
008 220923b |||||||| |||| 00| 0 tam d
024 _a350778
037 _cTextual
040 _aARTS
_cARTS
_btam
041 _2tam
_atam
082 _aY73(P31):1, 31P2
100 _aChentee Natarajan
_9229240
245 0 _aPaspattuthalagalie vazhiye
260 _c2002
650 _aSOCIOLOGY
942 _hY73(P31):1, 31P2
_cTEXL
_2CC
999 _c474079
_d474079